The politics and ethics of identity : in search of ourselves /

Bibliographic Details
Main Author: Lebow, Richard Ned
Corporate Author: ebrary, Inc
Format: eBook
Language:English
Published: Cambridge ; New York ; Cambridge : Cambridge University Press, 2012.
Subjects:
Online Access:Connect to the full text of this electronic book

MARC

Tag First Indicator Second Indicator Subfields
LEADER 00000cam a2200000Ia 4500
001 in00002785976
006 m o d
007 cr cn|||||||||
008 120427s2012 enk ob 001 0 eng d
005 20250816211008.4
010 |z  2012015488 
020 |z 9781107027657 (hbk.) 
020 |z 9781139555005 (ebook) 
035 |a (CaPaEBR)ebr10608428 
040 |a CaPaEBR  |c CaPaEBR  |d UtOrBLW 
050 1 4 |a JA74.5  |b .L425 2012eb 
082 0 4 |a 320.01/9  |2 23 
100 1 |a Lebow, Richard Ned. 
245 1 4 |a The politics and ethics of identity :  |b in search of ourselves /  |c Richard Ned Lebow. 
264 1 |a Cambridge ;  |a New York ;  |a Cambridge :  |b Cambridge University Press,  |c 2012. 
300 |a 1 online resource (xi, 431 pages) 
336 |a text  |b txt  |2 rdacontent 
337 |a computer  |b c  |2 rdamedia 
338 |a online resource  |b cr  |2 rdacarrier 
504 |a Includes bibliographical references and indexes. 
500 |a Electronic resource. 
650 0 |a Identity (Philosophical concept) 
650 0 |a Political psychology. 
655 7 |a Electronic books.  |2 local 
710 2 |a ebrary, Inc. 
856 4 0 |u https://ebookcentral.proquest.com/lib/tamucs/detail.action?docID=989168  |y Connect to the full text of this electronic book  |t 0 
980 |a 121113  |b 99  |c USD  |e 99  |f YBP_EBR0000046659  |g 1 
999 f f |s e263cdf7-0d3a-3ea7-96fa-5f264c22c12d  |i 1b234de2-f45b-3400-b0c8-b47db5a7fda1  |t 0 
999 |a MARS 
952 f f |a Texas A&M University  |b College Station  |c Electronic Resources  |d Available Online  |t 0  |e JA74.5 .L425 2012eb  |h Library of Congress classification 
998 f f |a JA74.5 .L425 2012eb  |t 0  |l Available Online